00690nam a2200169 a 450000500170000000800410001705000250005810000350008324501260011826000270024444000330027165000180030465000290032294200080035199900190035995201420037820140414093841.0081120s19uu xx uuu eng d aVCD 793.31bB34 2002 aBayanihan Folk Arts Foundation aCordillera Suite, Vol 4 :bdances from the mountainous regions of Northern Philippines /cBayanihan Folk Arts Foundation. bIvory Records,cc2002. aInstructional Video Series 1 aFolk Dancing. aFolk DancexPhilippines. cAVM c109334d109334 00104050aLUXbLUXcAVd2008-11-20eLib. Fundg300.00l1oVCD 793.31 B34 2002pAV0974r2017-02-21 00:00:00s2017-02-16w2014-04-14yAVM